MESTSKÁ KNIŽNICA GIRALTOVCE  - online katalóg 

Kto si raz oddýchol v chládku (Record no. 10610)

000 -NÁVESTIE
fixed length control field 00927nam a2200265 a 4500
008 - ÚDAJE S PEVNOU DĹŽKOU – VŠEOBECNÉ INFORMÁCIE
fixed length control field 040130s1974||||xo r 0 slo c
040 ## - ZDROJ KATALOGIZÁCIE
Pôvodná katalogizujúca agentúra SNK
Jazyk katalogizácie slo
Prepisujúca agentúra SNK
Konvencie popisu AACR2
041 1# - KÓD JAZYKA
Kód jazyka textu/zvukovej stopy alebo samostatných nápisov slo
Kód jazyka originálu a/alebo sprostredkujúcich prekladov textu ger
044 ## - KÓD KRAJINY VYDAVATEĽA/PRODUCENTA
Kód krajiny MARC xo
Kód krajiny ISO SK
080 ## - ČÍSLO MEDZINÁRODNÉHO DESATINNÉHO TRIEDENIA (MDT)
Číslo Medzinárodného desatinného triedenia (MDT) 830-3
020 ## - MEDZINÁRODNÉ ŠTANDARDNÉ ČÍSLO KNIHY (ISBN)
Údaje o dostupnosti 28
100 1# - OSOBNÉ MENÁ – VŠEOBECNÉ INFORMÁCIE
Osobné meno Fallada, Hans
Kód roly aut
240 10 - UNIFIKOVANÝ NÁZOV
Unifikovaný názov Wer einmal aus dem Blechnapf frisst
Jazyk diela Slovensky
245 10 - NÁZOV
Názov Kto si raz oddýchol v chládku
Údaj o zodpovednosti atď. [autor:] Hans Fallada ; z nem. orig. Wer einmal aus dem Blechnapf frisst ... prel. Šarlota Barániková ; doslov nap. Peter Hrivnák
260 ## - VYDAVATEĽSKÉ ÚDAJE, DISTRIBÚCIA ATĎ.
Miesto publikovania, distribúcie atď. Bratislava
Názov vydavateľa, distibútora atď. Tatran
Dátum publikovania, distribúcie atď. 1974
Miesto výroby Košice
Výrobca Východoslovenské tlačiarne
300 ## - FYZICKÝ POPIS
Rozsah 535, [3] s.
Rozmery
490 0# - EDÍCIA
Edícia Svetová tvorba
Zväzok/sekvenčné označenie zv. 100
500 ## - VŠEOBECNÁ POZNÁMKA
Formátovaná poznámka o obsahu Ilustr. tit. dvojlist
500 ## - VŠEOBECNÁ POZNÁMKA
Formátovaná poznámka o obsahu 8000 výtl.
650 07 - PRIDANÝ VSTUP – PREDMET – TEMATICKÉ HESLO
Tematické heslo alebo geografický názov ako vstupný prvok romány nemecké
Zdroj hesla alebo termínu SNK
700 1# - PRIDANÝ VSTUP – OSOBNÉ MENO
Osobné meno Barániková, Šarlota
Kód roly trl
700 1# - PRIDANÝ VSTUP – OSOBNÉ MENO
Osobné meno Hrivnák, Peter
Kód roly aui
730 ## -
-- Wer einmal aus dem Blechnapf frisst
958 ## - Formálny deskriptor
Formálny deskriptor AUL
Holdings
Stav stiahnutia (Blokovanie) (Withrawn status) Stav straty Stav poškodenia (Damaged status) Nie pre výpožičky (Not for loan) Spôsob nadobudnutia (Collection code) Trvalé umiestnenie Aktuálne umiestnenie Dátum nadobudnutia Náklady, bežná kúpna cena Inventárne číslo (prírastkové číslo) Full call number Dátum posledného výskytu Cena s účinnosťou od Typ jednotky Koha
        Kúpa Mestská knižnica Giraltovce Mestská knižnica Giraltovce 2019-11-29 28.00 09981 B 4160 2019-11-29 2019-11-29 Krásna literatúra pre dospelých

Powered by Koha